Nuevo Comentario Ilustrado de la Biblia (Record no. 27250)
[ view plain ]
| 000 -LEADER | |
|---|---|
| campo de control de longitud fija | 00699ntaaa2200217 4500 |
| 003 - IDENTIFICADOR DE NÚMERO DE CONTROL | |
| campo de control | 01 |
| 005 - FECHA Y HORA DE LA ÚLTIMA TRANSACCIÓN | |
| campo de control | 20251027203158.0 |
| 008 - DATOS DE LONGITUD FIJA--INFORMACIÓN GENERAL | |
| campo de control de longitud fija | 0714s1973 ag 01 |
| 020 ## - NÚMERO INTERNACIONAL ESTÁNDAR DEL LIBRO | |
| Número Internacional Estándar del Libro | 0899226310 |
| 040 ## - FUENTE DE CATALOGACIÓN | |
| Centro catalogador/agencia de origen | AR-BaBN |
| Lengua de catalogación | spa |
| Centro/agencia transcriptor | AR-BaBN |
| Normas de descripción | aacr |
| Centro/agencia modificador | RIC |
| 082 ## - NÚMERO DE LA CLASIFICACIÓN DECIMAL DEWEY | |
| Número de clasificación | 220.7 R11 |
| 100 ## - ENTRADA PRINCIPAL--NOMBRE DE PERSONA | |
| Nombre de persona | Radmacher, Earl D |
| 9 (RLIN) | 33301 |
| 245 ## - MENCIÓN DEL TÍTULO | |
| Título | Nuevo Comentario Ilustrado de la Biblia |
| 250 ## - MENCION DE EDICION | |
| Mención de edición | 1ed |
| 260 ## - PUBLICACIÓN, DISTRIBUCIÓN, ETC. | |
| Lugar de publicación, distribución, etc. | Nashville : |
| Nombre del editor, distribuidor, etc. | Caribe, |
| Fecha de publicación, distribución, etc. | 2003 |
| 300 ## - DESCRIPCIÓN FÍSICA | |
| Extensión | xlviii, 1760 p ; |
| Dimensiones | cuadros; ilustr |
| 500 ## - NOTA GENERAL | |
| Nota general | Contiene tablas, diagramas, cronologias, descubrimientos arqueologicos y otras ayudas además del comentario de los pasajes de la biblia |
| 700 ## - ENTRADA AGREGADA--NOMBRE PERSONAL | |
| Nombre de persona | Allen, Ronald B |
| 9 (RLIN) | 33302 |
| 700 ## - ENTRADA AGREGADA--NOMBRE PERSONAL | |
| Nombre de persona | House, H.Wayne |
| 9 (RLIN) | 33303 |
| 942 ## - ELEMENTOS DE ENTRADA SECUNDARIOS (KOHA) | |
| Tipo de ítem Koha | Colección General |
| Estatus retirado | Estado de pérdida | Estado de daño | No para préstamo | Biblioteca de origen | Biblioteca actual | Fecha de adquisición | Número de inventario | Total de préstamos | Signatura topográfica completa | Código de barras | Visto por última vez | Precio de reemplazo | Tipo de ítem Koha |
|---|---|---|---|---|---|---|---|---|---|---|---|---|---|
| Biblioteca Pluis | Biblioteca Pluis | 27/10/2025 | 43476 | 220.7 R11 | 43476 | 27/10/2025 | 27/10/2025 | REFERENCIA |
